| 000 | 00798nam a2200277Ia 4500 | ||
|---|---|---|---|
| 008 | 171120s9999 xx 000 0 und d | ||
| 020 | _a440220904 | ||
| 050 | _a453.21 | ||
| 050 | _bP957 1996 | ||
| 100 | _aPrinceton Language Institute. | ||
| 245 | _a21st century Italian-English English-Italian dictionary / | ||
| 245 | _cby Princeton Language Institute and Philip Lief Group. | ||
| 260 | _aNew York : | ||
| 260 | _bThe Philip Lief group, Inc., | ||
| 260 | _c1996 | ||
| 300 | _axv, 459 pages : | ||
| 300 | _billustrations ; | ||
| 300 | _c17cm. | ||
| 440 | _a21st century reference. | ||
| 650 | _aEnglish language -- | ||
| 650 | _aItalian language -- | ||
| 650 | _xDictionaries -- English. | ||
| 650 | _xDictionaries -- Italian. | ||
| 700 | _aSeries. | ||
| 700 | _aTitle. | ||
| 999 |
_c345087 _d345087 |
||